| 000 | 00535nam a22001937a 4500 | ||
|---|---|---|---|
| 008 | 150702b xxu||||| |||| 00| 0 eng d | ||
| 020 | _a0538628960 | ||
| 041 | 0 | _aeng | |
| 080 | _a336 | ||
| 100 | _aRyan, Joan S.; | ||
| 245 |
_aManaging your personal finances / _cJoan S. Ryan; |
||
| 260 |
_aCincinnati, Ohio; _bSouth-Western Educational Publishing ; _c1997. |
||
| 300 |
_a806 f.: _bme il.; _c25 cm. |
||
| 500 | _aPreface: f. iii-v | ||
| 505 | _aIndex: f.793-806 | ||
| 650 | 0 | _aFinancë | |
| 650 | 0 | _aOrganizim | |
| 942 |
_2udc _cBK |
||
| 999 |
_c1087 _d1087 |
||